• 首页
  • 本馆介绍
  • 公告通知
  • 最新文献
  • 馆藏检索
  • 电子资源
  • 读者导购
  • 参考咨询
  • 我的图书馆
  • 登录
  • 详细信息显示
  • 放入我的书架
  • 预约/预借图书
  • 作者相关作品
  • 分类相关作品
  • 丛书相关作品
  • 出版社相关作品

书目信息

  • 表格格式
  • 工作单格式
  • 卡片格式
题名:
工程材料与成型加工
    
 
作者: 薛培军 主编
分册:  
出版信息: 开封   河南大学出版社  2004
页数: 412页
开本: 26cm
丛书名:
单 册:
中图分类: TB3 , TB3
科图分类:
主题词: 工程材料--成型--高等学校--技术学校--教材 , 工程材料
电子资源:
ISBN: 7-81091-118-X
000 00843nam0 2200265 45
001 0659760101
005 20060928164301.85
010    @a7-81091-118-X@dCNY37.60
100    @a20050126d2004 em y0chiy0110 ea
101 0  @achi
102    @aCN@b410000
105    @ay z 000yy
106    @ar
200 1  @a工程材料与成型加工@f薛培军主编@Agong cheng cai liao yu cheng xing jia gong
210    @a开封@c河南大学出版社@d2004
215    @a412页@d26cm
300    @a河南省高等职业教育规划教材
330    @a本书内容包括金属材料的性能、工程材料的结构与结晶、铁碳合金相图、金属材料、非金属材料、钢的热处理、铸造、压力加工等。
606 0  @a工程材料@x成型@x高等学校@x技术学校@j教材
606 0  @a工程材料
690    @aTB3@v4
690    @aTB3@v3
701  0 @a薛培军@4主编@Axue pei jun
801  0 @aCN@b541 @c20060928
905    @dTB3@e131
    
    工程材料与成型加工/薛培军主编.-开封:河南大学出版社,2004
    412页;26cm
    河南省高等职业教育规划教材
    
    ISBN 7-81091-118-X:CNY37.60
    本书内容包括金属材料的性能、工程材料的结构与结晶、铁碳合金相图、金属材料、非金属材料、钢的热处理、铸造、压力加工等。
●
相关链接 在E读中查询图书 在五车中查询图书 在当当中查询图书 在豆瓣中查询图书


正题名:工程材料与成型加工     索取号:TB3/131         预约/预借

序号 登录号 条形码 馆藏地/架位号 状态 备注
1 0483878   204838783   密集书库/ [索取号:TB3/131] 在馆    
唐山师范学院图书馆 欢迎您!
大连网信软件有限公司© 版权所有